000 00638nam a2200241Ia 4500
003 OSt
005 20221005120024.0
006 a|||||r|||| 00| 0
007 ta
008 221004b |||||||| |||| 00| 0 eng d
024 _a70533
037 _cTextual
040 _aCRL
_cCRL
_beng
041 _2eng
_aeng
082 _aY1:1:60gx9, J3
100 _aMead Margaret
_9116882
245 0 _aCultural patterns and technical change
_b A manual
260 _c1953
490 _aTensions and technology series
650 _aSOCIOLOGY
942 _hY1:1:60gx9, J3
_cTEXL
_2cc
999 _c1036592
_d1036592